LEADER 01267nam a2200253 i 4500 001 000000003538 003 CaOOAMICUS 005 20250227121334.0 008 180830s2000 it u000 u ita u 040 $aSeMil$bita 245 00$aCorso di teologia sacramentaria /$cAndrea Grillo, Marinella Perroni, Pius-Ramon Tragan (edd.) ; presentazione di Ghislain Lafont. 260 $aBrescia :$bQueriniana,$c2000. 300 $a2 v. ;$c24 cm. 650 4$aSacramenti - Teologia cattolica.$0(OLS)http://semarc/subject/113 650 4$aTeologia sacramentaria.$0(OLS)http://semarc/subject/749 700 1 $aGrillo, Andrea,$d<1961- >.$0(OLS)http://semarc/name/2664 700 1 $aTragan, Pius-Ramon.$0(OLS)http://semarc/name/2666 700 1 $aPerroni, Marinella,$d<1947- >.$0(OLS)http://semarc/name/89234 700 1 $aLafont, Ghislain,$c.$0(OLS)http://semarc/name/2667 774 0 $t1: Metodi e prospettive.$dBrescia : Queriniana, 2000.$z88-399-0103-5$g1$w()77470 774 0 $t2: I sacramenti della salvezza.$dBrescia : Queriniana, 2000.$z88-399-0104-3$g2$w()77471 996 $6245$aCorso di teologia sacramentaria$9(OLS)http://semarc/title/6027 996 $6260$aBrescia :$bQueriniana$9(OLS)http://semarc/publisher/29615 LEADER 00950nam a2200217 i 4500 001 000000224553 003 CaOOAMICUS 005 20221107100651.0 008 131105s1924 it u000 u lat u 040 $aSeMil$bita 100 1 $aParenti, Arnaldo,$c.$0(OLS)http://semarc/name/55400 245 10$aAdnotationes in Prophetiam Jeremiae /$cA. Parenti. 264 1$aRoma :$b[s.n.],$c1924. 300 $a83 p. ;$c25 cm. 500 $aCiclostilato. - Rilegato con: 2V V 95/1. - Ai pie' del front : Anno scolastico 1923-24. 650 4$aBibbia. Antico Testamento. Geremia - Commentari, studi, critica, interpretazioni.$0(OLS)http://semarc/subject/29 850 $aSeMil 852 $aSeMil$W1$xVenegono$y1$m2V V 95/2$j235151$B174899$CSeMilBibl$Z2$F184900 $81 996 $6245$aAdnotationes in Prophetiam Jeremiae$9(OLS)http://semarc/title/321815 996 $6264$aRoma :$b[s.n.]$9(OLS)http://semarc/publisher/29738